000 00930nmm a2200289 a 4500
001 ocm000645380
003 TR-IsHL
005 20201028123524.0
008 130902s2012 tu tur
007 cr cn
020 _a9786054503667
035 _a645380
_b(N$T)
050 0 4 _aGR75.G75
_bB7 2012
090 0 4 _aGR75.G75
_bB7 2012
100 1 _aGrimm, J.
245 1 0 _aBremen mızıkacıları
_h[electronic resource] /
_cJ. Grimm ; çev. Ercan Portakal ; res. Serdar Gökmen
260 _aİstanbul :
_bBilge Kirpi Yayıncılık,
_c2012
300 _a16 p.
650 4 _aDil ve Edebiyat
650 4 _aLanguage and Literature
650 0 _aMasallar
650 0 _aTales
650 7 _aFICTION / Fairy Tales, Folk Tales, Legends & Mythology
_2bisacsh
700 1 _aPortakal, Ercan
700 1 _aGökmen, Serdar
856 4 0 _uhttp://search.ebscohost.com/login.aspx?direct=true&scope=site&db=e011xww&AN=645380
999 _c2451
_d2451